The life of St Irene Abbess of Chrysobalanton : a critical edition with introduction, translation, notes and indices
Αποθηκεύτηκε σε:
| Κύριος συγγραφέας: | |
|---|---|
| Μορφή: | Βιβλίο |
| Γλώσσα: | English |
| Δημοσίευση: |
Uppsala :
1986
|
| Σειρά: | Acta Universitatis Upsaliensis. Studia Byzantina Upsaliensia ;
; 1 |
| Θέματα: | |
| Ετικέτες: |
Προσθήκη ετικέτας
Δεν υπάρχουν, Καταχωρήστε ετικέτα πρώτοι!
|
MARC
| LEADER | 00000cam a2200000 i 4500 | ||
|---|---|---|---|
| 001 | 1/12661 | ||
| 008 | 971022s1986 eng d | ||
| 020 | |a 91-554-1935-6 | ||
| 035 | |1 ΠΑΡ |a 1997 |l 10018711 | ||
| 040 | |a GR-MY-UA |b gre |e aacr | ||
| 041 | 0 | |a eng | |
| 082 | 0 | |a 270.3092 | |
| 100 | 1 | |a Rosenqvist, Jan Olof. | |
| 245 | 1 | 4 | |a The life of St Irene Abbess of Chrysobalanton : |b a critical edition with introduction, translation, notes and indices / |c Jan Olof Rosenqvist |
| 260 | |a Uppsala : |c 1986 | ||
| 300 | |a xxvi,175 p. | ||
| 490 | 1 | |a Acta Universitatis Upsaliensis. Studia Byzantina Upsaliensia |v ; 1 | |
| 600 | 1 | 0 | |a Irene Abbess of Chrysobalanton. |
| 650 | 0 | 0 | |a Christian women saints |z Greece |x Biography. |
| 830 | 0 | |a Acta Universitatis Upsaliensis. Studia Byzantina Upsaliensia ; |v ; 1 | |
| 852 | |a INST |b LESVOS |e 19971022 |h 217.3092 ROS |p 005100015471 |q 005100015471 |t BK |y 0 | ||
| 909 | |a Λ |b 051056 | ||
| 970 | |a ΑΙΒΑΤΖΙΔΟΥ |b ΕΛΕΝΗ |z 2000/02/03 | ||